Normal view
MARC view
Entry Topical Term
001 - CONTROL NUMBER
- control field: 172355
003 - CONTROL NUMBER IDENTIFIER
- control field: OSt
005 - DATE AND TIME OF LATEST TRANSACTION
- control field: 20240703093218.0
008 - FIXED-LENGTH DATA ELEMENTS
- fixed length control field: 240703|| aca||aabn | a|a d
040 ## - CATALOGING SOURCE
- Original cataloging agency: OSt
- Transcribing agency: OSt
150 ## - HEADING--TOPICAL TERM
- Topical term or geographic name entry element: Self-Help
670 ## - SOURCE DATA FOUND
- Source citation: Work cat.: (OSt)231329: Robin Sharma 172354, Wealth money cant buy : The 8 hidden habits to live your richest life, 2024